| 000 | 00415cam a2200169ua 4500 | ||
|---|---|---|---|
| 020 | _cRs.1.00 | ||
| 041 |
_amal _h |
||
| 082 |
_a894.8122 _bDAM/KU |
||
| 100 | _aDamodaran, Punnapra. | ||
| 245 |
_aKudumbavilakku / _cPunnapra Damodaran. _hTextual Documents |
||
| 260 |
_aThrissur : _bCurrent Books , _c1962. |
||
| 300 | _a84 ; . | ||
| 365 | _aRs.1.00 | ||
| 504 | _a | ||
| 942 | _cBK | ||
| 999 |
_c1207 _d1207 |
||